000 00211nam a22000857a 4500
008 161108b xxu||||| |||| 00| 0 eng d
100 _91062
_aBPI india
245 _aPrakash the peacock
260 _aNew Delhi
_bBPI
_c2011
999 _c3718
_d3718